000
00259nam a22001217a 4500
008
180806b xxu||||| |||| 00| 0 eng d
082
_a
813.52
245
_a
Discover
_c
Thomson
260
_c
2006
300
_a
4
_f
CD
440
_x
1418029599
942
_2
ddc
_c
MX
999
_c
46794
_d
46794